Played with Neymar Jr the most - Statistics

General Stats
  • This quiz has been taken 17 times
  • The average score is 10 of 20
Answer Stats
Matches Nation Answer % Correct
206 Argentina Lionel Messi
100%
202 Brazil Marquinhos
92%
140 Spain Andrés Iniesta
85%
130 Croatia Ivan Rakitic
85%
124 Uruguay Luis Suárez
85%
143 Brazil Thiago Silva
85%
136 France Kylian Mbappé
77%
158 Spain Sergio Busquets
77%
200 Brazil Dani Alves
69%
144 Spain Gerard Piqué
62%
115 Italy Marco Verratti
62%
144 Argentina Javier Mascherano
38%
127 Spain Jordi Alba
38%
139 Brazil Ganso
23%
114 Brazil Danilo
15%
145 Brazil Arouca
0%
167 Brazil Durval
0%
131 Brazil Edú Dracena
0%
120 Brazil Pará
0%
147 Brazil Rafael Cabral
0%
No matching quizzes found
Score Distribution
Percent of People with Each Score
Percentile by Number Answered
Your Score History
You have not taken this quiz